Elementary applications of probability theory (Record no. 563505)

MARC details
000 -LEADER
fixed length control field 00591nam a2200217Ia 4500
003 - CONTROL NUMBER IDENTIFIER
control field OSt
005 - DATE AND TIME OF LATEST TRANSACTION
control field 20220925213710.0
008 - FIXED-LENGTH DATA ELEMENTS--GENERAL INFORMATION
fixed length control field 220923b |||||||| |||| 00| 0 eng d
037 ## - SOURCE OF ACQUISITION
Terms of availability General Book
040 ## - CATALOGING SOURCE
Original cataloging agency RTL
Transcribing agency RTL
Language of cataloging eng
041 ## - LANGUAGE CODE
Source of code eng
Language code of text/sound track or separate title eng
100 ## - MAIN ENTRY--PERSONAL NAME
Personal name Tuckwell H C
9 (RLIN) 278874
245 #0 - TITLE STATEMENT
Title Elementary applications of probability theory
260 ## - PUBLICATION, DISTRIBUTION, ETC.
Place of publication, distribution, etc. London
Name of publisher, distributor, etc. Chapman and Hall
Date of publication, distribution, etc. 1988
300 ## - PHYSICAL DESCRIPTION
Extent xiii, 225P
Dimensions cm.
942 ## - ADDED ENTRY ELEMENTS (KOHA)
Classification part B281, M8
Koha item type General Books
Source of classification or shelving scheme Colon Classification (CC)
Holdings
Withdrawn status Lost status Damaged status Not for loan Home library Current library Date acquired Total Checkouts Full call number Barcode Date last seen Price effective from Koha item type
        Ratan Tata Library Ratan Tata Library 2022-09-25   B281 M8 RT1049452 2022-09-25 2022-09-25 General Books
Copyright @ Delhi University Library System